The noble scholar, jurist, historian


 His Excellency Dr. Abdul Wahhab bin Ibrahim Abu Sulaiman, may Allah have mercy on him.


 He was born in Umm Al-Qura in the year 1356 AH.

عواطف النصرة في الطواف والعمرة / (Record no. 8317)

MARC details
000 -LEADER
fixed length control field 01282cam a22002891i 4500
003 - CONTROL NUMBER IDENTIFIER
control field SA-RiAUC
005 - DATE AND TIME OF LATEST TRANSACTION
control field 20250524050822.0
008 - FIXED-LENGTH DATA ELEMENTS--GENERAL INFORMATION
fixed length control field 250513s2008 su g 000 0 ara c
020 ## - INTERNATIONAL STANDARD BOOK NUMBER
International Standard Book Number 9789960583846
040 ## - CATALOGING SOURCE
Original cataloging agency SA-RiIMS
Language of cataloging ara
Transcribing agency SA-RiAUC
Description conventions rda
082 04 - DEWEY DECIMAL CLASSIFICATION NUMBER
Classification number 252.5
Assigning agency SA-RiAUC
090 ## - LOCALLY ASSIGNED LC-TYPE CALL NUMBER (OCLC); LOCAL CALL NUMBER (RLIN)
Classification number (OCLC) (R) ; Classification number, CALL (RLIN) (NR) 252.5
Local cutter number (OCLC) ; Book number/undivided call number, CALL (RLIN) م ح ب
100 1# - MAIN ENTRY--PERSONAL NAME
Personal name محب الدين الطبري، أحمد بن عبد الله بن محمد،
Dates associated with a name 615-694 هجري
Relator term مؤلف.
245 10 - TITLE STATEMENT
Title عواطف النصرة في الطواف والعمرة /
Statement of responsibility, etc. تأليف محب الدين الطبري ؛ تحقيق راشد بن عامر بن عبد الله الغفيلي.
264 #1 - PRODUCTION, PUBLICATION, DISTRIBUTION, MANUFACTURE, AND COPYRIGHT NOTICE
Place of production, publication, distribution, manufacture الرياض :
Name of producer, publisher, distributor, manufacturer دار المغني للنشر،
Date of production, publication, distribution, manufacture, or copyright notice 2008
300 ## - PHYSICAL DESCRIPTION
Extent 160 صفحة ؛
Dimensions 24 سم.
336 ## - CONTENT TYPE
Content type term نص
Content type code txt
Source rdacontent
Materials specified كتاب
337 ## - MEDIA TYPE
Media type term بدون وسيط
Media type code n
Source rdamedia
338 ## - CARRIER TYPE
Carrier type term مجلد
Carrier type code nc
Source rdacarrier
490 0# - SERIES STATEMENT
Series statement سلسلة كتب ورسائل في مناسك الحج والعمرة ؛
Volume/sequential designation 4
650 #7 - SUBJECT ADDED ENTRY--TOPICAL TERM
Topical term or geographic name entry element الحج (فقه إسلامي)
Source of heading or term aucsh
650 #7 - SUBJECT ADDED ENTRY--TOPICAL TERM
Topical term or geographic name entry element العمرة (فقه إسلامي)
Source of heading or term aucsh
650 #7 - SUBJECT ADDED ENTRY--TOPICAL TERM
Topical term or geographic name entry element الطواف بالكعبة
Source of heading or term aucsh
700 1# - ADDED ENTRY--PERSONAL NAME
Personal name الغفيلي، راشد بن عامر عبد الله
Relator term محقق.
942 ## - ADDED ENTRY ELEMENTS (KOHA)
Source of classification or shelving scheme Dewey Decimal Classification
Koha item type Books
Suppress in OPAC No
949 ## - LOCAL PROCESSING INFORMATION (OCLC)
a SA-JeALM
d 250513
u mohamedma123
n 1
Holdings
Withdrawn status Lost status Source of classification or shelving scheme Damaged status Not for loan Home library Current library Date acquired Total checkouts Full call number Barcode Date last seen Price effective from Koha item type
    Dewey Decimal Classification     DR AbdElwahab Library DR AbdElwahab Library 05/24/2025   252.5 م ح ب 000013548 05/24/2025 05/24/2025 Books
    Dewey Decimal Classification     DR AbdElwahab Library DR AbdElwahab Library 08/07/2025   252.5 م ح ب 000017332 08/07/2025 08/07/2025 Books
    Dewey Decimal Classification     DR AbdElwahab Library DR AbdElwahab Library 10/15/2025   252.5 م ح ب 000020284 10/15/2025 10/15/2025 Books